Statystyki dla Top 20 najbogatszych państw wg PKB nominalnego

Kliknij tutaj aby rozwiązać quiz!

Ogólne statystyki

  • Ten quiz został rozwiązany 37 razy
  • Średni wynik to 18 z 20

Statystyki odpowiedzi

Poz.Państwo% Poprawnych
2Chiny
100%
7Francja
100%
3Japonia
100%
4Niemcy
100%
1Stany Zjednoczone
100%
11Rosja
97%
12Australia
94%
9Kanada
94%
5Wielka Brytania
94%
8Włochy
91%
6Indie
88%
10Korea Południowa
88%
13Brazylia
85%
15Hiszpania
85%
16Meksyk
85%
17Indonezja
76%
19Arabia Saudyjska
73%
18Holandia
73%
14Iran
67%
20Szwajcaria
64%

Rozkład punktacji

Percentyl według liczby udzielonych odpowiedzi

Procent ludzi z każdym wynikiem

Twoja historia wyników

Nie rozwiązałeś tego quizu